000 01584nam a2200337 a 4500
001 BRCA_2985
005 20190320204046.0
008 231208s1930----sp-#---###---#000-0#cat-u
041 _acat
044 _asp
084 _a308
_b.L68
_c1930
100 1 _aCervantes Saavedra, Miguel de
_d1547-1616
_9213
245 1 0 _aL´enginyós Cavaller Don Quixot de la Mancha
_cMiguel de Cervantes Saavedra.
260 _aBarcelona
_bAntoni López
_c[1930?]
300 _a280 p.
_c16 cm.
440 0 _aColecció D´Obres Selectes
_98268
500 _aContenido : Primera parte. Dedicatoria del autor. Prólogo de Givanel y Mas. Prólogo del autor. Versos preliminares. Texto. Segunda parte. Dedicatorial del autor. Prólogo del autor. Texto
500 _aEdición : Traducción de Antoni Bulbena i Tusell i amb un próleg de Joan Givanel i Mas
500 _aEs la versión catalana del mismo traductor, precedida de un prólogo del prominente cervantista Givanel y Más. Tela; lomeras y tapas decoradas con filetes dorados y negros Lúdovik Osterc
500 _aEstado físico : Presenta la encuadernación desprendida
500 _aQM533
546 _aTexto en : catalán
650 1 4 _aNovela española
_yÉpoca clásica, 1500-1700
_9215
650 1 4 _aLiteratura española
_yÉpoca clásica, 1500-1700
_9216
650 1 4 _aNovela española
_ySiglo XVII
_9217
650 1 4 _aDon Quijote (Personaje ficticio)
_eNovela
_9218
700 1 _aBulbena i Tusell, Antoni
_d1854-1946
_eTraductor
_98269
740 0 _aEl Ingenioso Hidalgo Don Quijote de la Mancha
902 _aQFM
942 _2lcc
_cB
999 _c2724
_d2724